Las políticas de población en América Latina y el Caribe: algunas reflexiones en el umbral del siglo XXI

Furkejuvvon:
Bibliográfalaš dieđut
Searvvušdahkki: Centro Latinoamericano de Demografía (Dahkki)
Materiálatiipa: Girji
Giella:espánnjágiella
Almmustuhtton: Santiago CELADE 1995
Fáttát:
Fáddágilkorat: Lasit fáddágilkoriid
Eai fáddágilkorat, Lasit vuosttaš fáddágilkora!

MARC

LEADER 00000nam a2200000 a 4500
001 UCU4460
003 CL-VaPUC
008 960524e19950000CL |||||||||||||||||spa|d
082 0 4 |a 304.6  |b CEN  |2 21 
110 2 |a Centro Latinoamericano de Demografía  |e author  |9 362024 
245 1 4 |a Las políticas de población en América Latina y el Caribe: algunas reflexiones en el umbral del siglo XXI 
300 |a 141 p 
942 |c BK 
945 |d 19960524 00:00:00  |a rbrito 
260 |a Santiago  |b CELADE  |c 1995 
650 0 |a Población  |9 257577 
650 7 |a POLITICAS  |2 CL-VaPUC  |9 362025 
650 0 |a Demografía   |9 260008 
650 7 |a DINAMICA DE POBLACION  |2 CL-VaPUC  |9 260009 
650 0 |a Ciencias sociales   |9 256351 
651 0 |a América Latina   |9 255027 
651 7 |a ISLAS CARIBES  |2 CL-VaPUC  |9 255533 
583 |a last modification  |c 19960524 00:00:00  |k Rodrigo Vera 
999 |c 248161  |d 248159 
952 |0 0  |1 0  |4 0  |6 304_600000000000000_CEN_1995  |7 0  |8 A  |9 264604  |a BIBING  |b BIBING  |d 2019-11-19  |i 3198480  |o 304.6 CEN 1995  |p 3198480  |r 2025-01-20  |w 2019-11-19  |y BK  |k GEO